European Championship Semi-Final Goalscorers 1960-2024 - Statistics

General Stats
  • This quiz has been taken 9 times
  • The average score is 34 of 89
Answer Stats
Tournament Nation Score Player % Correct
2020 Multiple Hosts England 2-1 Harry Kane
100%
2024 Germany England 1-1 Harry Kane
100%
2004 Portugal Portugal 1-0 Cristiano Ronaldo
89%
2016 France Portugal 1-0 Cristiano Ronaldo
89%
2024 Germany Spain 1-1 Lamine Yamal
89%
1984 France France 3-2 Michel Platini
89%
2024 Germany England 2-1 Ollie Watkins
89%
1996 England England 1-0 Alan Shearer
78%
2020 Multiple Hosts Spain 1-1 Alvaro Morata
78%
2000 Belgium & Netherlands France 1-1 Thierry Henry
78%
2008 Austria & Switzerland Spain 1-0 Xavi
78%
2016 France France 1-0 Antoine Griezmann
67%
2016 France France 2-0 Antoine Griezmann
67%
2024 Germany Spain 2-1 Dani Olmo
67%
1976 Yugoslavia West Germany 2-2 Dieter Muller
67%
1976 Yugoslavia West Germany 3-2 Dieter Muller
67%
1976 Yugoslavia West Germany 4-2 Dieter Muller
67%
1972 Belgium West Germany 1-0 Gerd Muller
67%
1972 Belgium West Germany 2-0 Gerd Muller
67%
1988 West Germany Netherlands 2-1 Marco van Basten
67%
2012 Poland & Ukraine Italy 1-0 Mario Balotelli
67%
2012 Poland & Ukraine Italy 2-0 Mario Balotelli
67%
2008 Austria & Switzerland Germany 2-1 Miroslav Klose
67%
2016 France Portugal 2-0 Nani
67%
2000 Belgium & Netherlands France 2-1 Zinedine Zidane
67%
2008 Austria & Switzerland Germany 1-1 Bastian Schweinsteiger
56%
2020 Multiple Hosts Italy 1-0 Federico Chiesa
56%
1992 Sweden Netherlands 2-2 Frank Rijkaard
56%
2004 Portugal Portugal 2-0 Maniche
56%
2024 Germany France 1-0 Randal Kolo Muani
56%
2024 Germany Netherlands 1-0 Xavi Simons
56%
2008 Austria & Switzerland Spain 2-0 Daniel Guiza
44%
2008 Austria & Switzerland Spain 3-0 David Silva
44%
1992 Sweden Netherlands 1-1 Dennis Bergkamp
44%
1988 West Germany West Germany 1-0 Lothar Matthaus
44%
2012 Poland & Ukraine Germany 2-1 Mesut Ozil
44%
2020 Multiple Hosts Denmark 1-0 Mikkel Damsgaard
44%
2008 Austria & Switzerland Germany 3-2 Philipp Lahm
44%
1988 West Germany Netherlands 1-1 Ronald Koeman
44%
1992 Sweden Sweden 2-1 Tomas Brolin
44%
1992 Sweden Denmark 1-0 Henrik Larsen
33%
1992 Sweden Denmark 2-1 Henrik Larsen
33%
1992 Sweden Germany 2-0 Karl-Heinz Riedle
33%
1992 Sweden Germany 3-1 Karl-Heinz Riedle
33%
2020 Multiple Hosts Denmark (OG) 1-1 Simon Kjaer
33%
1996 England Germany 1-1 Stefan Kuntz
33%
1964 Spain Spain 2-1 Amancio
22%
1992 Sweden Sweden 3-2 Bernt Andersson
22%
1984 France France 1-0 Jean-Francois Domergue
22%
1984 France France 2-2 Jean-Francois Domergue
22%
2000 Belgium & Netherlands Portugal 1-0 Nuno Gomes
22%
1988 West Germany Soviet Union 1-1 Oleh Protasov
22%
1984 France Portugal 1-1 Rui Jordao
22%
1984 France Portugal 2-1 Rui Jordao
22%
2008 Austria & Switzerland Turkey 2-2 Semih Senturk
22%
1992 Sweden Germany 1-0 Thomas Hassler
22%
2004 Portugal Greece 1-0 Traianos Dellas
22%
2008 Austria & Switzerland Turkey 1-0 Ugur Boral
22%
1972 Belgium Soviet Union 1-0 Anatoliy Konkov
11%
1960 France Yugoslavia 3-2 Ante Zanetic
11%
1984 France Spain 1-1 Antonio Maceda
11%
1976 Yugoslavia Czechoslovakia 1-0 Anton Ondrus
11%
1976 Yugoslavia Czechoslovakia (OG) 1-1 Anton Ondrus
11%
1976 Yugoslavia Yugoslavia 1-0 Danilo Popivoda
11%
1968 Italy Yugoslavia 1-0 Dragan Dzajic
11%
1976 Yugoslavia Yugoslavia 2-0 Dragan Dzajic
11%
1960 France Yugoslavia 4-4 Drazan Jerkovic
11%
1960 France Yugoslavia 5-4 Drazan Jerkovic
11%
1964 Spain Hungary 1-1 Ferenc Bene
11%
1960 France France 2-1 Francois Heutte
11%
1960 France France 4-2 Francois Heutte
11%
1976 Yugoslavia Czechoslovakia 3-1 Frantisek Vesely
11%
1976 Yugoslavia West Germany 2-1 Heinz Flohe
11%
1988 West Germany Soviet Union 1-0 Hennadiy Lytovchenko
11%
1960 France France 1-1 Jean Vincent
11%
1964 Spain Spain 1-0 Jesus Pereda
11%
2004 Portugal Portugal (OG) 2-1 Jorge Andrade
11%
1960 France France 3-1 Marian Wisniewski
11%
1960 France Yugoslavia 1-0 Milan Galic
11%
1972 Belgium Belgium 2-1 Odilon Polleunis
11%
1984 France Denmark 1-0 Soren Lerby
11%
1960 France Yugoslavia 4-3 Tomislav Knez
11%
1960 France Soviet Union 1-0 Valentin Ivanov
11%
1960 France Soviet Union 2-0 Valentin Ivanov
11%
1964 Spain Soviet Union 3-0 Valentin Ivanov
11%
1964 Spain Soviet Union 1-0 Valery Voronin
11%
1960 France Soviet Union 3-0 Viktor Ponedelnik
11%
1964 Spain Soviet Union 2-0 Viktor Ponedelnik
11%
1976 Yugoslavia Czechoslovakia 2-1 Zdenek Nehoda
11%
No matching quizzes found
Score Distribution
Percent of People with Each Score
Percentile by Number Answered
Your Score History
You have not taken this quiz